Revisiones revista de crítica cultural.
| Corporate Author: | |
|---|---|
| Format: | Electronic Journal |
| Language: | Spanish English French |
| Published: |
Pamplona, España :
Cátedra Félix Huarte, Edificio de Bibliotecas, Universidad de Navarra,
2005-
|
| Subjects: | |
| Online Access: | Full text available from Research Library: 01/01/2011 to 01/31/2011 |
MARC
| LEADER | 00000nas a2200000 a 4500 | ||
|---|---|---|---|
| 001 | ssj0000712099 | ||
| 003 | WaSeSS | ||
| 005 | 20200512172242.0 | ||
| 006 | m d | ||
| 007 | cr n | ||
| 008 | 110628c20059999sp ar p s 0 0spa | ||
| 010 | |a 2011213548 | ||
| 022 | |y 1699-0048 | ||
| 035 | |a (WaSeSS)ssj0000712099 | ||
| 040 | |a DLC |b eng |c DLC |d OCLCF |d OCLCO |d OCLCA |d WaSeSS | ||
| 041 | 0 | |a spa |a eng |a fre | |
| 042 | |a pcc | ||
| 050 | 0 | 0 | |a NX7 |b .R45 |
| 245 | 0 | 0 | |a Revisiones |h [electronic resource] : |b revista de crítica cultural. |
| 260 | |a Pamplona, España : |b Cátedra Félix Huarte, Edificio de Bibliotecas, Universidad de Navarra, |c 2005- | ||
| 310 | |a Annual | ||
| 362 | 0 | |a No. 01 (enero 2005)- | |
| 506 | |a License restrictions may limit access. | ||
| 546 | |a Chiefly in Spanish; some articles in English and French. | ||
| 588 | |a Description based on: No. 01 (enero 2005); title from title page. | ||
| 588 | |a Latest issue consulted: No. 04 (sept. 2008). | ||
| 650 | 0 | |a Arts, Modern |v Periodicals. | |
| 650 | 0 | |a Culture |v Periodicals. | |
| 650 | 7 | |a Arts, Modern. |2 fast |0 (OCoLC)fst00818137 | |
| 650 | 7 | |a Culture. |2 fast |0 (OCoLC)fst00885059 | |
| 655 | 0 | |a Electronic journals. | |
| 710 | 2 | |a Universidad de Navarra. |b Cátedra Félix Huarte. | |
| 850 | |a DLC | ||
| 856 | 4 | 0 | |z Full text available from Research Library: 01/01/2011 to 01/31/2011 |u https://search.proquest.com/publication/1216372 |